logo

Bir Sreshtho Munshi Abdur Rouf Library
Jhenaidah Cadet College

Agriculture Finance in East Pakistan / (Record no. 5286)

MARC details
000 -LEADER
fixed length control field 00575nam a2200217 a 4500
001 - CONTROL NUMBER
JCCL Control Number 5286
003 - CONTROL NUMBER IDENTIFIER
JCCL marc code BD-JhCC
005 - DATE AND TIME OF LATEST TRANSACTION
control field 20171212093940.0
008 - FIXED-LENGTH DATA ELEMENTS--GENERAL INFORMATION
fixed length control field 171212s1968 p |||| || | 001 0 eng d
035 ## - SYSTEM CONTROL NUMBER
system control number (BD-JhCC)5286
040 ## - CATALOGING SOURCE
Original cataloging agency BD-JhCC
Modifying agency BD-JhCC
041 ## - LANGUAGE CODE
Language code of Book eng
082 ## - DEWEY DECIMAL CLASSIFICATION NUMBER
Classification number 332.7095492
Author mark and Year SHA 1968
100 ## - MAIN ENTRY--PERSONAL NAME
Personal name Shahjahan, Mirza
245 ## - TITLE STATEMENT
Title Agriculture Finance in East Pakistan /
Statement of responsibility, etc Mirza Shahjahan,
260 ## - PUBLICATION, DISTRIBUTION, ETC. (IMPRINT)
Place of publication, distribution, etc Dacca :
Name of publisher, distributor, etc Asiatic Press,
Date of publication, distribution, etc 1968.
300 ## - PHYSICAL DESCRIPTION
Pagination 248 p. :
Dimensions 24 cm.
650 ## - SUBJECT ADDED ENTRY--TOPICAL TERM
Topical term or geographic name as entry element Agriculture
General subdivision Economics Aspects
942 ## - ADDED ENTRY ELEMENTS (KOHA)
Source of classification or shelving scheme Dewey Decimal Classification
Koha item type Books
Holdings
Source of classification or shelving scheme Damaged status Not for loan Home library Current library Shelving location Date of accession Total Checkouts Full call number Barcode Date last seen Copy number Koha item type
Dewey Decimal Classification     JCC Rouf Library JCC Rouf Library General Stacks 12/12/2017   332.7095492 SHA 1968 7170 12/12/2017 C-1 Books

JCC Library | Contacts | JCC Home

Last Update on 23 September 2017
Copyright @ 2017-2020 JCC Rouf Library
Rouf Library, Jhenidah Cadet College (JCC), Bangladesh